Úlohy ROH v ľudovej demokracii

Podrobná bibliografia
Hlavný autor: Benau, Dezider, 1905-1962 (Autor)
Médium: Kniha
Jazyk:slovenčina
PhysicalDescription:31, [1] s. V. 8°
Vydavateľské údaje: Bratislava Práca 1948
Edícia:Osnovy odborárskeho školenia
Predmet:

MARC

LEADER 00000cam a2200000 a 4500
001 vtls008364088
003 SK-MaSNL
005 20260311151246.0
008 230403s1948 xo g 000 0 slo
015 |a SNBA19451955-000675 
035 |a SK01SNKBKSFS20020056305 
035 |a urn:nbn:sk:snk-am3hwl3 
035 |a 6CE88534-B6BA-4667-A161-BA6CFB8B57CC 
035 |a urn:nbn:sk:snk-am00dbk3 
035 |a SKM000058768 
040 |a SNK  |b slo  |c SNK  |e AACR2 
041 0 |a slo 
044 |a xo  |c SK 
080 |a 331.881(437)  |2 1981 
100 1 |a Benau, Dezider,  |d 1905-1962  |4 aut  |9 63420 
245 1 0 |a Úlohy ROH v ľudovej demokracii  |c Dezider Benau 
260 |a Bratislava  |b Práca  |c 1948  |e Bratislava  |f Slovenská Grafia 
300 |a 31, [1] s.  |c V. 8° 
490 1 |a Osnovy odborárskeho školenia  |v poradie I. 
610 2 7 |a Revolučné odborové hnutie  |2 SNKKA  |9 36449 
650 0 7 |a odbory  |2 SNKPH  |9 2328 
650 0 7 |a ľudová demokracia  |2 SNKPH  |9 89810 
651 7 |a Československo  |2 SNKPHgeo  |9 21376 
655 7 |a príručky  |2 SNKPH  |9 74364 
830 0 |a Osnovy odborárskeho školenia  |9 309282 
852 |a Slovenská národná knižnica 
954 |a odborná, vedecká literatúra pôvodná (slovenská)  |2 lita 
958 |a OND 
958 |a RK 
958 |a TL 
958 |a EUIPO 
999 |c 1194113  |d 1196043 
952 |a SNK  |b SNK  |y VYP  |7 0  |p 17A0113628  |o snkSD 6218/1/1948 D1  |i snkKSF 4173/56  |8 4  |0 0  |1 0  |4 0  |d 2008-10-13  |l 0  |r 2026-02-24 22:21:38  |w 2026-02-24 
952 |a SNK  |b SNK  |y PREZ  |7 0  |p 17A0113627  |o snkSD 6218/1/1948  |i snk4541/49  |0 0  |1 0  |4 0  |d 2008-10-13  |f 1  |l 0  |r 2025-11-14 00:00:00  |w 2026-02-24